Fechas de un retorno / (Record no. 24527)

MARC details
000 -LEADER
campo de control de longitud fija 00653nam a2200229 i 4500
001 - NÚMERO DE CONTROL
campo de control 24527
003 - IDENTIFICADOR DE NÚMERO DE CONTROL
campo de control ES-MaACL
005 - FECHA Y HORA DE LA ÚLTIMA TRANSACCIÓN
campo de control 20240509063043.0
007 - CAMPO FIJO DE DESCRIPCIÓN FÍSICA--INFORMACIÓN GENERAL
campo de control de longitud fija t|
008 - DATOS DE LONGITUD FIJA--INFORMACIÓN GENERAL
campo de control de longitud fija 021217s1979 sp ||||1| spa d
020 ## - NÚMERO INTERNACIONAL ESTÁNDAR DEL LIBRO
Número Internacional Estándar del Libro 8474570492
100 1# - ENTRADA PRINCIPAL--NOMBRE DE PERSONA
Nombre de persona Andújar, Manuel,
Fechas asociadas al nombre 1913-1994
9 (RLIN) 158299
245 10 - MENCIÓN DEL TÍTULO
Título Fechas de un retorno /
Mención de responsabilidad, etc. Manuel Andújar.
250 ## - MENCION DE EDICION
Mención de edición 1ª ed.
260 ## - PUBLICACIÓN, DISTRIBUCIÓN, ETC.
Lugar de publicación, distribución, etc. Barcelona :
Nombre del editor, distribuidor, etc. Anthropos,
Fecha de publicación, distribución, etc. 1979.
300 ## - DESCRIPCIÓN FÍSICA
Extensión 158 p., 1 h. de lám. ;
Dimensiones 19 cm.
490 1# - MENCIÓN DE SERIE
Mención de serie Ambito literario ;
Designación de volumen o secuencia 55
830 0# - PUNTO DE ACCESO ADICIONAL DE SERIE-TÍTULO UNIFORME
Título uniforme Ambito literario ;
Designación de volumen o secuencia 55
9 (RLIN) 180628
852 ## - LOCALIZACIÓN
Ubicación ES-MaACL
Número de control de estantería L-9927
Sublocalización o colección R.110824
itemnumber 25438
942 ## - ELEMENTOS DE ENTRADA SECUNDARIOS (KOHA)
Fuente del sistema de clasificación o colocación Clasificación decimal universal
Holdings
Estatus retirado Estado de pérdida Estado de daño No para préstamo Biblioteca de origen Biblioteca actual Ubicación en estantería Fecha de adquisición Fuente de adquisición Total de préstamos Signatura topográfica completa Código de barras Visto por última vez Precio de reemplazo Tipo de ítem Koha
        Biblioteca del Ateneo de Madrid Biblioteca del Ateneo de Madrid Depósito 2 17/01/2008     L-9927 1025287 23/02/2023 23/02/2023 Libro impreso